000 00225nam a22000857a 4500
008 170527b xxu||||| |||| 00| 0 eng d
100 _93148
_aA. O. Scheletif
245 _aBrayans Dog
260 _aNew York
_bThe World Book House
_c1967
999 _c6439
_d6439